| 000 | 00928 a2200229 4500 | ||
|---|---|---|---|
| 003 | Nust | ||
| 005 | 20170207154018.0 | ||
| 010 | _a 95024489 | ||
| 020 | _a0262133164 (alk. paper) | ||
| 040 | _cNust | ||
| 082 | 0 | 0 | _a575.1 |
| 100 | 1 | _aMitchell, Melanie. | |
| 245 | 1 | 3 |
_aAn introduction to genetic algorithms -(E-BOOK) _cMelanie Mitchell. |
| 260 |
_aCambridge, Mass. : _bMIT Press, _cc1996. |
||
| 300 |
_aviii, 205 p. : _bill. ; _c26 cm. |
||
| 440 | 0 | _aComplex adaptive systems | |
| 500 | _a"A Bradford book". | ||
| 505 | _aChapter 1: Genetic Algorithms: An Overview(Page-2) Chapter 2: Genetic Algorithms In Problem Solving(Page-27) Chapter 3: Genetic Algorithms In Scientific Models(Page-65) Chapter 4: Theoretical Foundations Of Genetic Algorithms(Page-87) Chapter 6: Conclusions And Future Directions(Page-135) | ||
| 650 | 0 |
_aGenetics _xComputer simulation. |
|
| 650 | 0 |
_aGenetics _xMathematical models. |
|
| 651 | _aE-BOOK | ||
| 942 |
_2ddc _cBK |
||
| 999 |
_c191555 _d191555 |
||